ბათუმის შოთა რუსთაველის სახელმწიფო უნივერსიტეტის ბიბლიოთეკა

მოხუცის წყარო (ბიბ.ჩანაწერი № 43455)

000 -LEADER
fixed length control field 00658nam a2200205Ia 4500
001 - CONTROL NUMBER
control field 10186
003 - CONTROL NUMBER IDENTIFIER
control field GE_BSU
008 - FIXED-LENGTH DATA ELEMENTS--GENERAL INFORMATION
fixed length control field 181216s||||||||xx |||||||||||||| ||und||
040 ## - CATALOGING SOURCE
Transcribing agency GE_BSU
100 ## - MAIN ENTRY--PERSONAL NAME
Personal name რომანაძე,შაქრო
245 ## - TITLE STATEMENT
Title მოხუცის წყარო
245 ## - TITLE STATEMENT
Remainder of title მოთხრობა
245 ## - TITLE STATEMENT
Statement of responsibility, etc. მხატვ:თ.დიასამიძე;რედ:ლ.ბეჟანიძე.
260 ## - PUBLICATION, DISTRIBUTION, ETC.
Place of publication, distribution, etc. ბათუმი
260 ## - PUBLICATION, DISTRIBUTION, ETC.
Name of publisher, distributor, etc. საბჭ.აჭარა
260 ## - PUBLICATION, DISTRIBUTION, ETC.
Date of publication, distribution, etc. 1977
300 ## - PHYSICAL DESCRIPTION
Extent 70გვ;16სმ.
653 ## - INDEX TERM--UNCONTROLLED
Uncontrolled term მოხუცის წყარო:მოთხრობა
942 ## - ADDED ENTRY ELEMENTS (KOHA)
Koha item type წიგნი
ეგზემპლარები
Withdrawn status Lost status Damaged status Not for loan Date acquired Barcode Date last seen Price effective from Koha item type
        2018-12-17 33548 2018-12-17 2018-12-17 წიგნი
        2018-12-17 33549 2018-12-17 2018-12-17 წიგნი